Current trends in higher education / (Record no. 127970)

MARC details
000 -LEADER
fixed length control field 00739nam a22002297a 4500
005 - DATE AND TIME OF LATEST TRANSACTION
control field 20170124110033.0
010 ## - LIBRARY OF CONGRESS CONTROL NUMBER
LC control number A-991940
020 ## - INTERNATIONAL STANDARD BOOK NUMBER
Terms of availability 00.00
International Standard Book Number 8176291730
035 ## - SYSTEM CONTROL NUMBER
System control number A-991940
037 ## - SOURCE OF ACQUISITION
Source of stock number/acquisition Cen Lib/Ret
040 ## - CATALOGING SOURCE
Original cataloging agency DPL
Language of cataloging EN
082 ## - DEWEY DECIMAL CLASSIFICATION NUMBER
Classification number 378
Item number MOH
100 ## - MAIN ENTRY--PERSONAL NAME
Personal name Mohanty, Jagannath
9 (RLIN) 22055
245 ## - TITLE STATEMENT
Title Current trends in higher education /
Statement of responsibility, etc by Jagannath Mohanty
260 ## - PUBLICATION, DISTRIBUTION, ETC. (IMPRINT)
Place of publication, distribution, etc New Delhi
Name of publisher, distributor, etc Deep & Deep Publications
Date of publication, distribution, etc 2000
270 ## - ADDRESS
Address F-159, rajouri garden
City New Delhi
Postal code 110027
300 ## - PHYSICAL DESCRIPTION
Extent x, 536p.
Dimensions 21cm(Hb)
500 ## - GENERAL NOTE
General note Includes bibliographical references and index
650 ## - SUBJECT ADDED ENTRY--TOPICAL TERM
Topical term or geographic name as entry element Higher Education
9 (RLIN) 10182
650 ## - SUBJECT ADDED ENTRY--TOPICAL TERM
Topical term or geographic name as entry element Philosophical and sociological trends
9 (RLIN) 22056
942 ## - ADDED ENTRY ELEMENTS (KOHA)
Source of classification or shelving scheme Dewey Decimal Classification
Koha item type English Books
Classification part 378
Call number suffix MOH
Holdings
Withdrawn status Lost status Damaged status Not for loan Home library Current library Date acquired Source of acquisition Cost, normal purchase price Total Checkouts Full call number Barcode Date last seen Copy number Cost, replacement price Price effective from Koha item type Source of classification or shelving scheme Collection code Date checked out
        Central Library Central Library 01/07/2015 Cen Lib/Ret 0.00   378 MOH A-991940 01/07/2015 1 0.00 01/07/2015 English Books      
        Sarojini Nagar Sarojini Nagar 11/02/2019     1 378 MOH A-991941 24/03/2019     11/02/2019 English Books Dewey Decimal Classification Non-fiction 18/03/2019

© Delhi Public Library
Hit Counter
free hit counter